000
00193 a2200097 4500
001
9251
100
_a
Broad, L
245
_a
Winston Churchill
260
_a
_b
Sidgwick
_c
090
_c
7420
_d
7420
942
_a
NUST-CAE
_c
M
_c
34068
999
_c
244324
_d
244324